000 00798nam a2200217 a 4500
001 BRCA_6051
005 20190320205320.0
008 120608s1996----mx-a---###---#000-0#spa-#
050 4 _aN910.M42
_b.A35 1996
100 1 _aAguilar Picasso, Jorge Guillermo
_915263
245 1 0 _aGuía didáctica ilustrada infantil para el Museo Franz Mayer.
260 _aCiudad de México
_c1996
300 _a192 p.
_bil.
502 _aTesis Licenciatura (Licenciado en Diseño Gráfico) Universidad Iberoamericana
610 2 4 _aMuseo Franz Mayer (Ciudad de México)
_vGuías
_xPúblico infantil
_915264
650 1 4 _aMuseos
_xComunicación
_915265
650 1 4 _aLibros didácticos infantiles
_xIlustración
_915266
700 1 _aRomero Fuentes, René Ricardo
_eCoautor
_915267
902 _aTES
942 _2lcc
_cTES
999 _c5738
_d5738